| 000 | 00571nam a2200193 4500 | ||
|---|---|---|---|
| 001 | 118103 | ||
| 003 | ES-MaACL | ||
| 005 | 20230906191029.0 | ||
| 007 | t| | ||
| 008 | 070214s1916 fr r ||||1| fre d | ||
| 100 | 1 |
_aPerrier, Edmond. _991351 |
|
| 245 | 1 | 0 |
_aA travers le monde vivant / _cEdmond Perrier. |
| 260 |
_aParis : _bErnest Flammarion, _c1916. |
||
| 300 |
_a360 p. ; _c18 cm. |
||
| 490 | 1 | _aBibliothèque de philosophie scientifique | |
| 830 | 0 |
_aBibliothèque de philosophie scientifique _9181135 |
|
| 852 |
_aES-MaACL _jF-6377 |
||
| 999 |
_c118103 _d118103 |
||